Proceedings of the Fifth Regional Conference on Water Resources Development in Asia and the Far East : (Record no. 43748)
[ view plain ]
| 000 -LEADER | |
|---|---|
| fixed length control field | 01127nam a2200265 a 4500 |
| 001 - CONTROL NUMBER | |
| control field | 43748 |
| 003 - CONTROL NUMBER IDENTIFIER | |
| rucl marc code | BD-RjUL |
| 005 - DATE AND TIME OF LATEST TRANSACTION | |
| control field | 20211209053740.0 |
| 008 - FIXED-LENGTH DATA ELEMENTS--GENERAL INFORMATION | |
| fixed length control field | 160627s1963 nyua i100 0 eng d |
| 020 ## - INTERNATIONAL STANDARD BOOK NUMBER | |
| Terms of availability | : 2.50.00 |
| 035 ## - SYSTEM CONTROL NUMBER | |
| System control number | (BD-RjUL)43866 |
| 040 ## - CATALOGING SOURCE | |
| Original cataloging agency | BD-RjUL |
| Language of cataloging | eng |
| Transcribing agency | BD-RjUL |
| Modifying agency | BD-RjUL |
| 041 ## - LANGUAGE CODE | |
| Language code of text/sound track or separate title | eng |
| 082 ## - DEWEY DECIMAL CLASSIFICATION NUMBER | |
| Edition number | 23 |
| Classification number | 333.9113021 |
| Author mark and year | PRO 1963 |
| 111 2# - MAIN ENTRY--MEETING NAME | |
| Meeting name or jurisdiction name as entry element | Regional Conference on Water Resources Development in Asia and the Far East |
| Number of part/section/meeting | (5th : |
| Date of meeting | 1962 : |
| Location of meeting | Bangkok, Thailand) |
| 9 (RLIN) | 134465 |
| 245 10 - TITLE STATEMENT | |
| Title | Proceedings of the Fifth Regional Conference on Water Resources Development in Asia and the Far East : |
| Remainder of title | (held at Bangkok, Thailand, 20 to 26 November 1962) / |
| 260 ## - PUBLICATION, DISTRIBUTION, ETC. (IMPRINT) | |
| Place of publication, distribution, etc. | New York : |
| Name of publisher, distributor, etc. | United Nations, |
| Date of publication, distribution, etc. | 1963. |
| 300 ## - PHYSICAL DESCRIPTION | |
| Pagination | vii, 208 p. : |
| Illustrations | ill. ; |
| Size | 28 cm. |
| 490 1# - SERIES STATEMENT | |
| Series statement | Water resources series / United Nations ; |
| Volume/sequential designation | no. 23 |
| 650 #0 - SUBJECT ADDED ENTRY--TOPICAL TERM | |
| Topical term or geographic name as entry element | Water resources development |
| Geographic subdivision | Asia |
| Form subdivision | Congresses. |
| 9 (RLIN) | 134466 |
| Topical term or geographic name as entry element | Water-supply |
| Geographic subdivision | Asia |
| Form subdivision | Congresses. |
| 9 (RLIN) | 134467 |
| 710 2# - ADDED ENTRY--CORPORATE NAME | |
| Corporate name or jurisdiction name as entry element | United Nations. |
| Subordinate unit | Economic Commission for Asia and the Far East. |
| 9 (RLIN) | 117081 |
| 830 #0 - SERIES ADDED ENTRY--UNIFORM TITLE | |
| Uniform title | Water resources series / United Nations ; |
| Volume number/sequential designation | no. 23 |
| 942 ## - ADDED ENTRY ELEMENTS (KOHA) | |
| Source of classification or shelving scheme | Dewey Decimal Classification |
| Koha item type | Books |
| Lost status | Source of classification or shelving scheme | Damaged status | Not for loan | Collection code | Permanent Location | Current Location | Shelving location | Date acquired | Source of acquisition | Cost, normal purchase price | Total Checkouts | Full call number | Date last seen | Copy number | Koha item type |
|---|---|---|---|---|---|---|---|---|---|---|---|---|---|---|---|
| Dewey Decimal Classification | Non-fiction | Central Library, University of Rajshahi | Central Library, University of Rajshahi | 14/12/1970 | Swets & Zeittenger | 23.00 | 333.9113021 PRO 1963 | 27/06/2016 | C-2 | Books | |||||
| Dewey Decimal Classification | Non-fiction | Central Library, University of Rajshahi | Central Library, University of Rajshahi | 14/12/1970 | Swets & Zeittenger | 23.00 | 333.9113021 PRO 1963 | 27/06/2016 | C-3 | Books |